| 000 | 01310nam a2200229Ii 4500 | ||
|---|---|---|---|
| 003 | JO-AjNU | ||
| 005 | 20240623132133.0 | ||
| 008 | 230605s9999||||xx |||||||||||||| ||und|| | ||
| 040 |
_aJO-AjNU _bara _erda _cJO-AjNU |
||
| 041 | _aara | ||
| 100 |
_aالغوراني، فواز أحمد محمود _964829 _eمعد |
||
| 245 |
_aالعوامل المحددة لتوقيت الاعتراف بالإيراد في الشركات الصناعية المساهمة العامة الأردنية" من وجهة نظر المديرين الماليين والمدققين الخارجيين" = The Determinants of the Timing of Revenue Recognition in the Jordanian Industrial Corporations (The Perception of Financial Managers and External Auditors) _c / اعداد فواز احمد محمود الغوراني؛ اشراف رياض العبد الله |
||
| 260 | _c2005 | ||
| 300 | _a172 ورقه | ||
| 336 |
_atext _btxt _2rdacontent |
||
| 337 |
_aunmediated _bn _2rdamedia |
||
| 338 |
_avolume _bnc _2rdacarrier |
||
| 500 | _aرسالة جامعية (ماجستير) - جامعة اليرموك، 2005 تحتوي هذه الرساله على رسومات شبكيه وجداول | ||
| 650 | _vشركات-محاسبة-الأردن | ||
| 700 |
_aرياض العبد الله _964831 _eمشرف |
||
| 942 |
_2lcc _cTHS |
||
| 999 |
_c33017 _d33017 |
||